|
|
|
|
| LEADER |
01542nam a2200397Ia 4500 |
| 001 |
EBC1607046 |
| 003 |
MiAaPQ |
| 005 |
20200520144314.0 |
| 006 |
m o d | |
| 007 |
cr cn||||||||| |
| 008 |
121231s2012 dcua sb 000 0 eng d |
| 020 |
|
|
|z 9781475588682
|
| 020 |
|
|
|a 9781475569537 (electronic bk.)
|
| 035 |
|
|
|a (MiAaPQ)EBC1607046
|
| 035 |
|
|
|a (Au-PeEL)EBL1607046
|
| 035 |
|
|
|a (CaPaEBR)ebr10635332
|
| 035 |
|
|
|a (CaONFJC)MIL417935
|
| 035 |
|
|
|a (OCoLC)870245037
|
| 040 |
|
|
|a MiAaPQ
|c MiAaPQ
|d MiAaPQ
|
| 050 |
|
4 |
|a HC412
|b .E44 2012
|
| 100 |
1 |
|
|a Elekdag, Selim.
|
| 245 |
1 |
4 |
|a The evolution of Asian financial linkages
|h [electronic resource] :
|b key determinants and the role of policy /
|c Selim Elekdag, Phurichai Rungcharoenkitkul, and Yiqun Wu.
|
| 260 |
|
|
|a Washington, D.C. :
|b International Monetary Fund,
|c 2012.
|
| 300 |
|
|
|a 26 p. :
|b ill.
|
| 440 |
|
0 |
|a IMF working paper ;
|v WP/12/262
|
| 504 |
|
|
|a Includes bibliographical references.
|
| 533 |
|
|
|a Electronic reproduction. Ann Arbor, MI : ProQuest, 2015. Available via World Wide Web. Access may be limited to ProQuest affiliated libraries.
|
| 650 |
|
0 |
|a Economic development
|z Asia.
|
| 651 |
|
0 |
|a Asia
|x Economic policy.
|
| 651 |
|
0 |
|a Asia
|x Economic conditions.
|
| 655 |
|
4 |
|a Electronic books.
|
| 700 |
1 |
|
|a Rungcharoenkitkul, Phurichai,
|d 1977-
|
| 700 |
1 |
|
|a Wu, Yiqun,
|d 1976-
|
| 710 |
2 |
|
|a ProQuest (Firm)
|
| 710 |
2 |
|
|a International Monetary Fund.
|
| 856 |
4 |
0 |
|u https://ebookcentral.proquest.com/lib/matrademy/detail.action?docID=1607046
|z Click to View
|